[Event "Kowalewo Pomorskie op-B 17th"]
[Site "Kowalewo Pomorskie"]
[Date "2010.07.10"]
[Round "9"]
[White "Worobiej, Daniel"]
[Black "Pilarski, Dawid"]
[Result "0-1"]
[WhiteElo "1736"]
[BlackElo "1829"]
[PlyCount "76"]
[EventDate "2010.07.04"]
[EventType "swiss"]
[EventRounds "9"]
[EventCountry "POL"]
[SourceTitle "EXT 2011"]
[Source "ChessBase"]
[SourceDate "2010.11.26"]
[SourceVersion "1"]
[SourceVersionDate "2010.11.26"]
[SourceQuality "1"]

1. e4 e5 2. Nf3 Nf6 3. Nxe5 d6 4. Nf3 Nxe4 5. Bc4 d5 6. 0-0 Bc5 7. d4 Bb6 8. Bd3 Bg4 9. Be3 Qf6 10. Be2 0-0 11. Ne5 Bxe2 12. Qxe2 Re8 13. Nd2 Nxd2 14. Qxd2 Nc6 15. Nxc6 Qxc6 16. Rfe1 Re6 17. c3 Rae8 18. Bf4 h6 19. h3 Qb5 20. Re3 Re4 21. Rae1 Rxe3 22. Rxe3 Rxe3 23. fxe3 Qe8 24. Qc2 Qe6 25. Qd3 c6 26. a4 Bd8 27. b4 f5 28. Be5 Bf6 29. Bxf6 Qxf6 30. c4 Qe6 31. cxd5 Qxd5 32. a5 Kf7 33. Kf2 h5 34. h4 g6 35. Kg3 Qd6+ 36. Kf3 Qxb4 37. e4 fxe4+ 38. Kxe4 Qxa5 0-1

[Event "Kowalewo Pomorskie op-B 17th"]
[Site "Kowalewo Pomorskie"]
[Date "2010.07.07"]
[Round "5"]
[White "Rabeda, Grzegorz"]
[Black "Pilarski, Dawid"]
[Result "0-1"]
[WhiteElo "1520"]
[BlackElo "1829"]
[PlyCount "56"]
[EventDate "2010.07.04"]
[EventType "swiss"]
[EventRounds "9"]
[EventCountry "POL"]
[SourceTitle "EXT 2011"]
[Source "ChessBase"]
[SourceDate "2010.11.26"]
[SourceVersion "1"]
[SourceVersionDate "2010.11.26"]
[SourceQuality "1"]

1. d4 g6 2. Nc3 Bg7 3. e4 d6 4. Be3 Nf6 5. Be2 0-0 6. h4 h5 7. f3 e5 8. d5 c5 9. Bg5 Nbd7 10. g4 Qb6 11. b3 Qb4 12. Bd2 Qb6 13. Be3 Qa5 14. Bd2 a6 15. Na4 Qc7 16. Bd3 b5 17. Nb2 Nb6 18. gxh5 Nxh5 19. c4 Bd7 20. Ne2 Qd8 21. Qc2 Bf6 22. 0-0-0 b4 23. Be1 a5 24. Ng3 Nf4 25. h5 g5 26. Nf5 a4 27. Qh2 Bxf5 28. exf5 a3 0-1

[Event "POL-ch U16"]
[Site "Leba"]
[Date "2008.04.06"]
[Round "11"]
[White "Pilarski, Dawid"]
[Black "Graczyk, Damian"]
[Result "0-1"]
[WhiteElo "1748"]
[BlackElo "1906"]
[PlyCount "96"]
[EventDate "2008.03.29"]
[EventType "swiss"]
[EventRounds "11"]
[EventCountry "POL"]
[SourceTitle "CBM 123 Extra"]
[Source "ChessBase"]
[SourceDate "2008.05.06"]
[SourceVersion "1"]
[SourceVersionDate "2008.05.06"]
[SourceQuality "1"]

1. g3 f5 2. Bg2 Nf6 3. Nc3 d5 4. e3 e6 5. Nge2 c6 6. d3 Be7 7. Bd2 0-0 8. 0-0 e5 9. d4 e4 10. Nf4 Na6 11. a3 Nc7 12. Nce2 g5 13. Nh3 Ne6 14. Rc1 Qe8 15. c4 Kh8 16. Qb3 Rg8 17. Nc3 g4 18. Nf4 Nxf4 19. exf4 Rg6 20. cxd5 Rh6 21. dxc6 bxc6 22. Rfe1 Qh5 23. Kf1 Ba6+ 24. Ne2 Nd5 25. a4 Re8 26. Rc2 Qxh2 27. Rec1 Bxe2+ 28. Kxe2 Qxg2 29. Rxc6 Rxc6 30. Rxc6 Qf3+ 31. Qxf3 exf3+ 32. Kd1 Bb4 33. Rc2 Bxd2 34. Rxd2 Kg7 35. Kc2 h5 36. Kd3 h4 37. gxh4 Nxf4+ 38. Kc2 Rc8+ 39. Kd1 Nd5 40. Rd3 Kg6 41. Rb3 f4 42. Rb5 Rd8 43. Rb7 g3 44. fxg3 fxg3 45. h5+ Kxh5 46. Rg7 Kh4 47. Rh7+ Kg4 48. Rg7+ Kh3 0-1

[Event "POL-ch U16"]
[Site "Leba"]
[Date "2008.04.03"]
[Round "8"]
[White "Pilarski, Dawid"]
[Black "Karski, Lukasz"]
[Result "1-0"]
[WhiteElo "1748"]
[BlackElo "1980"]
[PlyCount "169"]
[EventDate "2008.03.29"]
[EventType "swiss"]
[EventRounds "11"]
[EventCountry "POL"]
[SourceTitle "CBM 123 Extra"]
[Source "ChessBase"]
[SourceDate "2008.05.06"]
[SourceVersion "1"]
[SourceVersionDate "2008.05.06"]
[SourceQuality "1"]

1. e4 e6 2. d4 d5 3. exd5 exd5 4. c4 Nf6 5. Nc3 c6 6. Bg5 Be7 7. Nf3 0-0 8. Bd3 Nbd7 9. 0-0 dxc4 10. Bxc4 Nb6 11. Bb3 h6 12. Be3 Bg4 13. h3 Bh5 14. g4 Bg6 15. Ne5 Nfd5 16. Nxg6 fxg6 17. Qd3 Qe8 18. Rae1 Qf7 19. f4 Kh8 20. f5 g5 21. Bf2 Bf6 22. Nxd5 Nxd5 23. Qf3 Rad8 24. Re4 Qd7 25. Rd1 Nf4 26. h4 Rfe8 27. hxg5 Bxg5 28. Rxf4 Bxf4 29. Qxf4 Qe7 30. Kg2 Qf6 31. g5 Qd6 32. Qh4 Qf8 33. gxh6 Qxf5 34. hxg7+ Kxg7 35. Rg1 Rd6 36. Kh2+ Rg6 37. Rxg6+ Qxg6 38. d5 Qd6+ 39. Qg3+ Qxg3+ 40. Kxg3 cxd5 41. Bxd5 b6 42. Kf3 Kf6 43. Be3 Ke5 44. Bc4 Rh8 45. b3 Rh3+ 46. Ke2 Rh2+ 47. Bf2 Rh8 48. a4 Rd8 49. Bd3 Rf8 50. Be3 Re8 51. Kd2 Rc8 52. Bc4 Ke4 53. Bf2 Rf8 54. Bg3 Rc8 55. Kc3 a6 56. Kb4 b5 57. axb5 axb5 58. Bxb5 Rc1 59. Ka5 Ra1+ 60. Ba4 Rb1 61. b4 Kd5 62. b5 Rxb5+ 63. Kxb5 Kd4 64. Kb4 Kd5 65. Bb3+ Kd4 66. Bd6 Kd3 67. Be6 Kd4 68. Kb3 Kd3 69. Kb2 Kd4 70. Kc2 Ke4 71. Kc3 Ke3 72. Bd5 Ke2 73. Bf4 Kf2 74. Kd3 Kg1 75. Bg3 Kf1 76. Ke3 Kg1 77. Be4 Kf1 78. Bd3+ Kg1 79. Be2 Kh1 80. Bh4 Kh2 81. Kf2 Kh3 82. Bg5 Kh2 83. Bf1 Kh1 84. Bg2+ Kh2 85. Bf4# 1-0